Small business : critical perspectives on business and management. Volume IV /
This volume presents Critical Perspectives on Business and Management of Small Business about: Technology/Innovation; Entrepreneurs; Management; Self-employment; and Networks.
Đã lưu trong:
| Format: | Bog |
|---|---|
| Sprog: | English |
| Udgivet: |
New York :
Routledge,
2000.
|
| Fag: | |
| Tags: |
Tilføj Tag
Ingen Tags, Vær først til at tagge denne postø!
|
| Thư viện lưu trữ: | Mạng thư viện Đại học Đà Nẵng |
|---|
| LEADER | 01265cam a2200385 i 4500 | ||
|---|---|---|---|
| 001 | 000047986 | ||
| 003 | 7682 | ||
| 005 | 20030317135326.0 | ||
| 008 | 010320|2000 vm 000 eng | ||
| 020 | |a 041518472X | ||
| 040 | |a IRC |c IRC |d IRC | ||
| 041 | 0 | |a eng | |
| 082 | 1 | 4 | |a 658.022 |b Sm-B |
| 245 | 0 | 0 | |a Small business : |b critical perspectives on business and management. |n Volume IV / |c Edited by D.J. Storey. |
| 260 | |a New York : |b Routledge, |c 2000. | ||
| 300 | |a 4 v. (xx, 286vi, [287]-818 ; vi, [819]-1158 ; vi, [1 ; |c vi, [287]-818 ; vi, [819]-1158 ; vi, [1159]-1539) | ||
| 520 | 3 | |a This volume presents Critical Perspectives on Business and Management of Small Business about: Technology/Innovation; Entrepreneurs; Management; Self-employment; and Networks. | |
| 630 | 0 | 4 | |a Business. |
| 630 | 0 | 4 | |a Enterprises. |
| 630 | 0 | 4 | |a Entrepreneurship. |
| 630 | 0 | 4 | |a Small business. |
| 650 | 0 | 4 | |a Entrepreneurship. |
| 650 | 0 | 4 | |a Small business. |
| 650 | 0 | 4 | |a New business enterprises. |
| 650 | 0 | 4 | |a Self-employed. |
| OWN | |a DUT | ||
| 999 | |a From the UDN01 | ||
| TYP | |a Monograph | ||
| TYP | |a Printed language | ||
| 980 | |a Mạng thư viện Đại học Đà Nẵng | ||


